Statíny znižujú koncentráciu koenzýmu Q 10

Bibliographic Details
Main Author: Kostiuk, Pavel, 1946- (Author)
Format: Article
Language:Slovak
ISSN:1336-3328
Subjects:

MARC

LEADER 00000nab a2200000 a 4500
001 vtls008953111
003 SK-MaSNL
005 20260304145427.0
008 250505c2005 xo fr|p|||||||000 b|slo
015 |a SNBRB2007/03  |2 snkbucl 
035 |a (sysno)vtls008953111 
035 |a urn:nbn:sk:snk-ab7a1w 
035 |a (uuid)48e4fd7f-f7ce-491f-a57a-6c4033e8b996 
035 |a (urnnbn)urn:nbn:sk:snk:ar-a07czo 
038 |a SNKBUCL 
040 |a SNKBUCL  |b slo  |c SNKBUCL  |e AACR2 
041 0 |a slo 
044 |a xo  |c SK 
080 |a 615.272.06  |2 2001 
080 |a 577.161.6  |2 2001 
100 1 |a Kostiuk, Pavel,  |d 1946-  |4 aut  |9 196029 
245 1 0 |a Statíny znižujú koncentráciu koenzýmu Q 10  |c Pavel Kostiuk 
650 0 7 |a statíny  |2 SNKPH  |9 13511 
650 0 7 |a koenzým Q 10  |2 SNKPH  |9 1428822 
650 0 7 |a nežiaduce účinky  |2 SNK  |9 839822 
773 0 |t Farminews  |g Roč. 3, č. 1 (2005), s. 8  |x 1336-3328 
850 |a Slovenská národná knižnica 
852 |a Slovenská národná knižnica 
954 |a odborná, vedecká literatúra pôvodná (slovenská)  |2 lita 
958 |a article27 
958 |a OND 
958 |a MI 
958 |a EUIPO 
999 |c 2935549  |d 2937479